| 000 | 01081pam a2200289 a 4500 | ||
|---|---|---|---|
| 001 | 3368429 | ||
| 003 | ARRUPE | ||
| 005 | 20220505094959.0 | ||
| 008 | 870911s1988 enka b 001 0 eng | ||
| 010 | _a 87024846 | ||
| 020 |
_a0198249756 : _c£17.50 |
||
| 040 |
_aDLC _cDLC _dDLC |
||
| 050 | 0 | 0 |
_aQC174.45 _b.P52 1988 |
| 082 | 0 | 0 |
_a530.1/43 _219 |
| 245 | 0 | 0 |
_aPhilosophical foundations of quantum field theory / _cedited by Harvey R. Brown and Rom Harré. |
| 260 |
_aOxford : _bClarendon Press ; _aNew York : _bOxford University Press, _c1988. |
||
| 300 |
_a190 p. : _bill. ; _c23 cm. |
||
| 504 | _aIncludes bibliographies and index. | ||
| 650 | 0 |
_aQuantum field theory. _913917 |
|
| 650 | 0 |
_aPhysics _xPhilosophy. |
|
| 700 | 1 |
_aBrown, Harvey R. _951431 |
|
| 700 | 1 |
_aHarré, Rom. _914104 |
|
| 856 | 4 | 2 |
_3Publisher description _uhttp://www.loc.gov/catdir/enhancements/fy0635/87024846-d.html |
| 856 | 4 | 1 |
_3Table of contents only _uhttp://www.loc.gov/catdir/enhancements/fy0635/87024846-t.html |
| 906 |
_a7 _bcbc _corignew _d1 _eocip _f19 _gy-gencatlg |
||
| 942 |
_2lcc _cMONOGRAPH |
||
| 999 |
_c131352 _d131352 |
||